| 000 | 00442ntaaa2200181 4500 | ||
|---|---|---|---|
| 003 | 01 | ||
| 005 | 20251027202121.0 | ||
| 008 | 0714s1973 ag 01 | ||
| 040 |
_aAR-BaBN _bspa _cAR-BaBN _eaacr _dRIC |
||
| 082 | _a261.8000 H27 | ||
| 100 |
_aHaselden, Kyle _919032 |
||
| 245 | _aMorality and the mass media | ||
| 250 | _a1 ed. | ||
| 260 |
_aNashville : _bBroadman Press, _cc1968 |
||
| 300 | _a192 p | ||
| 650 | _aetica cristiana | ||
| 942 | _cBK | ||
| 999 |
_c16060 _d16060 |
||